The radiology of bones and joints / (Record no. 36072)
[ view plain ]
| 000 -LEADER | |
|---|---|
| campo de control de longitud fija | 00521nam a2200157 i 4500 |
| 001 - NÚMERO DE CONTROL | |
| campo de control | 36072 |
| 003 - IDENTIFICADOR DE NÚMERO DE CONTROL | |
| campo de control | ES-MaACL |
| 007 - CAMPO FIJO DE DESCRIPCIÓN FÍSICA--INFORMACIÓN GENERAL | |
| campo de control de longitud fija | t| |
| 008 - DATOS DE LONGITUD FIJA--INFORMACIÓN GENERAL | |
| campo de control de longitud fija | 030217s1945 xxk ||||1| eng d |
| 100 1# - ENTRADA PRINCIPAL--NOMBRE DE PERSONA | |
| Nombre de persona | Brailsford, James F. |
| 9 (RLIN) | 31297 |
| 245 14 - MENCIÓN DEL TÍTULO | |
| Título | The radiology of bones and joints / |
| Mención de responsabilidad, etc. | by James F. Brailsford. |
| 250 ## - MENCION DE EDICION | |
| Mención de edición | 3rd ed., reprinted with minor additions. |
| 260 ## - PUBLICACIÓN, DISTRIBUCIÓN, ETC. | |
| Lugar de publicación, distribución, etc. | London : |
| Nombre del editor, distribuidor, etc. | J. et A. Churchil, |
| Fecha de publicación, distribución, etc. | 1945 ( |
| Fabricante | The Whitefriars Press) |
| 300 ## - DESCRIPCIÓN FÍSICA | |
| Extensión | XIII, 440 p., 56 lám. : |
| Otras características físicas | il. ; |
| Dimensiones | 25 cm. |
| 852 ## - LOCALIZACIÓN | |
| Ubicación | ES-MaACL |
| Número de control de estantería | E-1912 |
| Sublocalización o colección | R.22743 |
| Estatus retirado | Estado de pérdida | Estado de daño | No para préstamo | Biblioteca de origen | Biblioteca actual | Ubicación en estantería | Fecha de adquisición | Fuente de adquisición | Total de préstamos | Signatura topográfica completa | Código de barras | Visto por última vez | Precio de reemplazo | Tipo de ítem Koha |
|---|---|---|---|---|---|---|---|---|---|---|---|---|---|---|
| Biblioteca del Ateneo de Madrid | Biblioteca del Ateneo de Madrid | Depósito 2 | 17/01/2008 | E-1912 | 1037855 | 23/02/2023 | 23/02/2023 | Libro impreso |
